Englisch die Familie lernen - Statistiken

Allgemein
  • Dieses Quiz wurde 126 mal gespielt
  • Das Durchschnittsergebnis liegt bei 16 aus 19
Antwortstatistiken
Deutsch Englisch % Korrekt
Familien Family
99%
Bruder Brother
98%
Baby Baby
97%
Eltern Parents
97%
Schwester Sister
97%
Vater Father
96%
Großvater Grandfather
96%
Großmutter Grandmother
96%
Mutter Mother
96%
Kinder Children
95%
Großeltern Grandparents
92%
Tante Aunt
91%
Onkel Uncle
89%
Erwachsene Adults
81%
Urgroßvater Great-grandfather
49%
Vetter Cousin
48%
Urgroßmutter Great-Grandmother
48%
Urgroßeltern Great-grandparents
48%
Jugendliche Teenagers
34%
Keine übereinstimmenden Quizze gefunden
Verteilung der Resultate
Anzahl Personen mit jedem Resultat
Perzentil nach korrekt beantworteten Fragen
Ihre Resultats-Entwicklung
Sie haben dieses Quiz noch nicht gespielt